Yield and performance of sugarcane in on-farm interface with rubber in Brazil (Record no. 72537)
[ view plain ]
| 000 -LEADER | |
|---|---|
| fixed length control field | 00542nam a2200193Ia 4500 |
| 100 ## - MAIN ENTRY--AUTHOR NAME | |
| Personal name | Pinto L F G |
| 245 #0 - TITLE STATEMENT | |
| Title | Yield and performance of sugarcane in on-farm interface with rubber in Brazil |
| 260 ## - PUBLICATION, DISTRIBUTION, ETC. (IMPRINT) | |
| Name of publisher | Pesquisa Agropecuaria Brasileira |
| Year of publication | 2006 |
| 300 ## - PHYSICAL DESCRIPTION | |
| Number of Pages | 251-255 |
| 650 ## - SUBJECT ADDED ENTRY--TOPICAL TERM | |
| Topical Term | Agroforestry systems |
| 650 ## - SUBJECT ADDED ENTRY--TOPICAL TERM | |
| Topical Term | Biomass production |
| 650 ## - SUBJECT ADDED ENTRY--TOPICAL TERM | |
| Topical Term | Crop yield |
| 650 ## - SUBJECT ADDED ENTRY--TOPICAL TERM | |
| Topical Term | Onfarm production |
| 700 ## - ADDED ENTRY--PERSONAL NAME | |
| Personal name | Bernardes M S |
| 700 ## - ADDED ENTRY--PERSONAL NAME | |
| Personal name | Pereira A R |
| 856 ## - ELECTRONIC LOCATION AND ACCESS | |
| Uniform Resource Identifier | CAB CD |
| 942 ## - ADDED ENTRY ELEMENTS (KOHA) | |
| Koha item type | Journals |
| Withdrawn status | Lost status | Damaged status | Not for loan | Home library | Current library | Shelving location | Date acquired | Serial Enumeration / chronology | Koha item type |
|---|---|---|---|---|---|---|---|---|---|
| Journals | RRII Library | RRII Library | Agronomy | 01/01/2021 | Volume 41, Issue 2 | Journals |